Score 0/25 Timer 05:00
21 Plays Today
% Correct
Jackson
98.7%
Jordan
97%
Aniston
95.6%
Travolta
94.9%
Lennon
93.6%
Lopez
92.7%
De Niro
92.1%
Phelps
90.8%
Tyson
90.6%
Marley
85.1%
Wayne
85%
Downey Jr.
84.8%
J. Fox
82.6%
% Correct
Taylor
81.3%
Cena
78.9%
Goodman
76.1%
Pattinson
73.5%
Dylan
71.9%
Garner
69.9%
Hudson
68.2%
Hurley
60.2%
Olsen
56.8%
Banks
56.3%
Connelly
41.2%
Montgomery
34.5%
Remove Ads.
Support Sporcle.
Get the best of Sporcle when you Go Orange. This ad-free experience offers more features, more stats, and more fun while also helping to support Sporcle. Thank you for becoming a member.

You're not logged in!

Compare scores with friends on all Sporcle quizzes.
OR
Log In

Show Comments

Extras

Top Quizzes Today


Score Distribution

Your Account Isn't Verified!

In order to create a playlist on Sporcle, you need to verify the email address you used during registration. Go to your Sporcle Settings to finish the process.

Report this User

Report this user for behavior that violates our Community Guidelines.

Details: